Principles of heat transfer, 3/e (Record no. 262691)

000 -LEADER
fixed length control field 00299 a2200133 4500
001 - CONTROL NUMBER
control field 27618
082 ## - DEWEY DECIMAL CLASSIFICATION NUMBER
Classification number 536.2 KRE
090 ## - LOCALLY ASSIGNED LC-TYPE CALL NUMBER (OCLC); LOCAL CALL NUMBER (RLIN)
-- 18391
-- 18391
100 ## - MAIN ENTRY--PERSONAL NAME
Personal name Krieth, Frank
245 ## - TITLE STATEMENT
Title Principles of heat transfer, 3/e
250 ## - EDITION STATEMENT
Edition statement 3
260 ## - PUBLICATION, DISTRIBUTION, ETC.
Name of publisher, distributor, etc. I.E.P London
500 ## - GENERAL NOTE
General note BE textbook Aerospace
942 ## - ADDED ENTRY ELEMENTS (KOHA)
Institution code [OBSOLETE] NUST-CAE
Call number prefix 536.2 KRE
Holdings
Withdrawn status Lost status Damaged status Not for loan Collection code Permanent Location Current Location Date acquired Total Checkouts Full call number Barcode Date last seen Price effective from Koha item type
          College of Aeronautical Engineering (CAE) College of Aeronautical Engineering (CAE) 04/03/2017   536.2 KRE CAE23463 04/05/2017 04/05/2017 Book
          College of Aeronautical Engineering (CAE) College of Aeronautical Engineering (CAE) 04/03/2017   536.2 KRE CAE67827 04/05/2017 04/05/2017 Book
          College of Aeronautical Engineering (CAE) College of Aeronautical Engineering (CAE) 04/03/2017   536.2 KRE CAE67814 04/05/2017 04/05/2017 Book
          College of Aeronautical Engineering (CAE) College of Aeronautical Engineering (CAE) 04/03/2017   536.2 KRE CAE24045 04/05/2017 04/05/2017 Book
          College of Aeronautical Engineering (CAE) College of Aeronautical Engineering (CAE) 04/03/2017   536.2 KRE CAE24044 04/05/2017 04/05/2017 Book
          College of Aeronautical Engineering (CAE) College of Aeronautical Engineering (CAE) 04/03/2017   536.2 KRE CAE24043 04/05/2017 04/05/2017 Book
          College of Aeronautical Engineering (CAE) College of Aeronautical Engineering (CAE) 04/03/2017   536.2 KRE CAE24042 04/05/2017 04/05/2017 Book
© 2023 Central Library, National University of Sciences and Technology. All Rights Reserved.